Quick Pick: Premier League Stadiums II Quiz Stats

 Plays Quiz not verified by Sporcle

Score 0/6 Timer 00:30
0 Plays Today
% Correct
KCOM Stadium
83.9%
Etihad Stadium
81.2%
Riverside Stadium
80%
Britannia Stadium
76.5%
Turf Moor
76.1%
Carrow Road
73.7%

You're not logged in!

Compare scores with friends on all Sporcle quizzes.
OR
Log In

You Might Also Like...

Show Comments

Extras

Top Quizzes Today


Score Distribution

Your Account Isn't Verified!

In order to create a playlist on Sporcle, you need to verify the email address you used during registration. Go to your Sporcle Settings to finish the process.

Report this User

Report this user for behavior that violates our Community Guidelines.

Details: